Die Eingliederung der Fußballspieler in eine neue soziokulturelle und sprachliche Umgebung diplomová práca

Salvato in:
Dettagli Bibliografici
Autore principale: Arpáš, Marek
Ente Autore: Fakulta aplikovaných jazykov EU v Bratislave. Katedra interkultúrnej komunikácie
Altri autori: Štefančík, Radoslav, 1976-
Natura: Libro
Lingua:tedesco
Pubblicazione: Bratislava 2017
Tags: Aggiungi Tag
Nessun Tag, puoi essere il primo ad aggiungerne!!

MARC

LEADER 00000nbm a2200000 4500
001 0231431
005 20180215143947.2
041 0 |a ger 
044 |a SK 
245 1 0 |a Die Eingliederung der Fußballspieler in eine neue soziokulturelle und sprachliche Umgebung  |b diplomová práca  |c Marek Arpáš ; školiteľ: Radoslav Štefančík 
264 1 |a Bratislava  |c 2017 
300 |a 80 s. 
100 1 |a Arpáš, Marek 
700 1 |a Štefančík, Radoslav, 1976- 
710 2 |a Fakulta aplikovaných jazykov EU v Bratislave. Katedra interkultúrnej komunikácie